000 02523cam a22005534i 4500
003 PE-LiUPU
005 20250731184602.0
008 150706s r 000 0 d
020 _a9786124092138
035 _a(Sirsi) i9786124092138
040 _aPE-LiUPU
_bspa
_cPE-LiUPU
_erda
049 _aPRUA
082 0 4 _a985.061
_bT73
_221
100 1 _aTorrico Lapoint, Alan,
_d1963- ,
_eautor.
245 1 0 _aNuestros gringos :
_bhistoria del cuerpo consular norteamericano en la costa norte del Perú durante la Guerra del Pacífico /
_cAlan Torrico Lapoint.
264 1 _aLima :
_bICPNA,
_c2012.
300 _a209 páginas :
_bilustraciones ;
_c24 cm.
336 _atext
_2rdacontent
337 _aunmediated
_2rdamedia
338 _avolume
_2rdacarrier
500 _aAborda "la vida social, política, militar, económica, comercial y diplomática del norte del Perú" durante la ocupación chilena, a través de la documentación consular de Santiago Montjoy y Alfred Lapoint.
504 _aBibliografía: p. [197]-209.
505 0 _aLa costa norte del Perú antes de la Guerra del Pacífico -- Antecedes de la "Expedición Lynch" -- Diplomacia y política internacional en el contexto de la "Expedición Lynch" -- El Perú y la Casa Grace durante la Guerra del Pacífico -- La "Expedición Lynch" en el norte del Perú, intereses extranjeros y política peruana -- Participación del cuerpo consular norteamericano ante la ocupación chilena.
526 _aP136
526 _aP135
526 _aP134
526 _aP133
526 _aP144
526 _aP143
526 _aP87
526 _aP35
526 _aP20
526 _aP14
526 _aP10
526 _aP06
600 1 _aLapoint, Alfred.
_d1838-1892
600 1 _aLynch, Patricio.
_d1824-1866
650 0 4 _aGuerra del Pacífico
_y1879-1883.
650 0 4 _aEstadounidenses
_zPerú
_xHistoria
_y1879-1883.
651 _aChiclayo (Perú)
_xHistoria
_y1879-1883
651 _aLa Libertad (Perú)
_xHistoria
_y1879-1883.
910 _agl
_cbd
_d20130829
942 _2ddc
_cBOOK
949 _a985.061 T73
_wDEWEY
_c1
_i68375
_lCCODEBUL1
_mBUL
_p46.00
_r0
_sY
_tBOOK
_u2015-7-6
_xBIBLIOTECA
_zUNKNOWN
_o.STAFF. Colección General
994 _aC0
_bPEPRU
596 _a1
999 _a985.061 T73
_wDEWEY
_c55774
_i68375
_f2021-11-8
_g5
_lCCODEBUL1
_mBUL
_p46.00
_r0
_sY
_tBOOK
_u2015-7-6
_xBIBLIOTECA
_zUNKNOWN
_0COMPRA
_o.STAFF. Colección General
_d55774
980 _81
_gALBERTO SANCHEZ Responsable de Automatización